00732nam a2200193 a 450000100100000000500170001000800410002702000180006804000250008608200110011110000410012224500680016326000490023130000360028050000700031659000260038695201090041299900170052100004849520201002061209.0190325s2014 dr ac 000 0 spa d a9789945131727 aDO-SdBNPbspacBNPHU axxbxx1 aBáez Coste, Jesús Ramón97592010aBaní : recuerdos y vivencias /cJesús Ramón Báez Coste. a[Santo Domingo] :bEditora Mediabyte,c2014. a249 p. :bil., retrs. ;c21 cm. aIncluye datos biográficos del autor en la solapa de la cubierta aInventariado, 2019/VM 0010718PDaPDbPDcHDd2019-03-25iLF1l0oxx xxp48495-10r2020-06-25w2020-06-25yLFPDZNo se presta c47983d47983